000 00407cam a2200169 4500
001 D13725
008 090401t1957 xxu||||| |||| 00| 0 eng d
035 _a(Sirsi) u11319
041 _aeng
100 _aRitchie, George Stephen
245 _aChallenger: the life of a survey ship
260 _aLondon
_bHollis & Carter
_c1957
350 _a0
520 _aShelf 134
942 _n0
948 _c04/03/1997
999 _c86852
_d86852